All 2014 ATP Tournament Finals - Statistics

General Stats
  • This quiz has been taken 33 times
    23 since last reset
  • The average score is 84 of 128
Answer Stats
Tournament Category Finalists % Correct
F Novak Djokovic
100%
Wimbledon Grand Slam W Novak Djokovic
100%
Indian Wells Masters 1000 W Novak Djokovic
100%
Miami Masters 1000 W Novak Djokovic
100%
Rome Masters 1000 W Novak Djokovic
100%
Paris Masters 1000 W Novak Djokovic
100%
ATP Finals Masters 1000 W Novak Djokovic
100%
Beijing ATP 500 W Novak Djokovic
100%
F Rafael Nadal
100%
Roland Garros Grand Slam W Rafael Nadal
100%
F Rafael Nadal
100%
Madrid Masters 1000 W Rafael Nadal
100%
F Rafael Nadal
100%
Rio de Janeiro ATP 500 W Rafael Nadal
100%
Doha ATP 250 W Rafael Nadal
100%
F Roger Federer
100%
F Roger Federer
100%
F Roger Federer
100%
F Roger Federer
100%
Cincinnati Masters 1000 W Roger Federer
100%
Shanghai Masters 1000 W Roger Federer
100%
F Roger Federer
100%
Dubai ATP 500 W Roger Federer
100%
Basel ATP 500 W Roger Federer
100%
F Roger Federer
100%
Halle ATP 250 W Roger Federer
100%
Australian Open Grand Slam W Stan Wawrinka
100%
Monte Carlo Masters 1000 W Stan Wawrinka
100%
Chennai ATP 250 W Stan Wawrinka
100%
Valencia ATP 500 W Andy Murray
95%
Shenzhen ATP 250 W Andy Murray
95%
Vienna ATP 250 W Andy Murray
95%
F Gaël Monfils
95%
Montpellier ATP 250 W Gaël Monfils
95%
F Kei Nishikori
89%
F Kei Nishikori
89%
Barcelona ATP 500 W Kei Nishikori
89%
Tokyo ATP 500 W Kei Nishikori
89%
Memphis ATP 250 W Kei Nishikori
89%
Kuala Lumpur ATP 250 W Kei Nishikori
89%
US Open Grand Slam W Marin Čilić
89%
F Marin Čilić
89%
Zagreb ATP 250 W Marin Čilić
89%
Delray Beach ATP 250 W Marin Čilić
89%
Moscow ATP 250 W Marin Čilić
89%
F David Ferrer
84%
F David Ferrer
84%
Buenos Aires ATP 250 W David Ferrer
84%
F David Ferrer
84%
Auckland ATP 250 W John Isner
84%
Atlanta ATP 250 W John Isner
84%
Toronto Masters 1000 W Jo-Wilfried Tsonga
84%
F Jo-Wilfried Tsonga
84%
Sydney ATP 250 W Juan Martín del Potro
84%
F Milos Raonic
79%
Washington ATP 500 W Milos Raonic
79%
F Milos Raonic
79%
Viña del Mar ATP 250 W Fabio Fognini
74%
F Fabio Fognini
74%
F Fabio Fognini
74%
F Kevin Anderson
74%
F Kevin Anderson
74%
F Dominic Thiem
68%
Acapulco ATP 500 W Grigor Dimitrov
68%
Bucharest ATP 250 W Grigor Dimitrov
68%
Queen's Club ATP 250 W Grigor Dimitrov
68%
F Grigor Dimitrov
68%
F Richard Gasquet
68%
F Richard Gasquet
68%
Rotterdam ATP 500 W Tomáš Berdych
68%
F Tomáš Berdych
68%
F Tomáš Berdych
68%
F Tomáš Berdych
68%
Stockholm ATP 250 W Tomáš Berdych
68%
F David Goffin
58%
Kitzbühel ATP 250 W David Goffin
58%
Metz ATP 250 W David Goffin
58%
F Ivo Karlović
58%
F Ivo Karlović
58%
F Ivo Karlović
58%
F Ivo Karlović
58%
's-Hertogenbosch ATP 250 W Roberto Bautista Agut
58%
Stuttgart ATP 250 W Roberto Bautista Agut
58%
F Roberto Bautista Agut
58%
F Alexandr Dolgopolov
53%
F Feliciano López
53%
Eastbourne ATP 250 W Feliciano López
53%
F Gilles Simon
53%
Casablanca ATP 250 W Guillermo García López
53%
Brisbane ATP 250 W Lleyton Hewitt
47%
Newport ATP 250 W Lleyton Hewitt
47%
Düsseldorf ATP 250 W Philipp Kohlschreiber
47%
F Bernard Tomic
42%
Bogotá ATP 250 W Bernard Tomic
42%
Hamburg ATP 500 W Leonardo Mayer
42%
F Leonardo Mayer
42%
F Tommy Robredo
42%
F Tommy Robredo
42%
F Tommy Robredo
42%
F Vasek Pospisil
42%
Houston ATP 250 W Fernando Verdasco
37%
F Nicolás Almagro
37%
Marseille ATP 250 W Ernests Gulbis
32%
Nice ATP 250 W Ernsts Gulbis
32%
São Paulo ATP 250 W Federico Delbonis
32%
F Federico Delbonis
32%
F Julien Benneteau
32%
F Tommy Haas
32%
F Juan Mónaco
26%
Munich ATP 250 W Martin Kližan
26%
Gstaad ATP 250 W Pablo Andújar
26%
F Jerzy Janowicz
21%
F João Sousa
21%
F João Sousa
21%
F Santiago Giraldo
21%
Oeiras ATP 250 W Carlos Berlocq
16%
F Lukáš Rosol
16%
F Lukáš Rosol
16%
Winston-Salem ATP 250 W Lukáš Rosol
16%
F Marcel Granollers
16%
F Paolo Lorenzi
16%
F Alejandro Falla
11%
F Dudi Sela
11%
F Édouard Roger-Vasselin
11%
F Yen-Hsun Lu
11%
Båstad ATP 250 W Pablo Cuevas
5%
Umag ATP 250 W Pablo Cuevas
5%
F Benjamin Becker
0%
No matching quizzes found
Score Distribution
Percent of People with Each Score
Percentile by Number Answered
Your Score History
You have not taken this quiz since the last reset